00528nam a22001697a 450000500170000001000150001702000260003203500130005803700130007108200130008410000250009724500680012226000340019027000720022430000430029650000190033920141212120357.0 aENG-111369 a9788120349933c750.00 aEN-94901 bDBAD/PUB a660.2815 aSarkar, Prabir Kumar aAdvanced process dynamics and control /cby Prabir Kumar Sarkar aNew DelhibPHI Learningc2015 aRimjhim House, 111, Patparganj Industrial EstatebNew Delhie110092 axxi, 805p. :c24cm(pbk)e1CD-ROMbill. aIncludes index